| 000 | 01041naa a2200217 i 4500 | ||
|---|---|---|---|
| 001 | 10061 | ||
| 003 | KOSZ 005 | ||
| 005 | 20180417110441.0 | ||
| 008 | 180414s2005 pl |000 0 pol | ||
| 015 | _aBZCz 2007/10175 | ||
| 035 | _a(OCoLC)1008662786 | ||
| 040 |
_aWA N _cWA N _dKOSZ 005/HR |
||
| 100 |
_aPARTACZ, Czesław. _d2007-2012. _bPolitechnika Koszalińska - Instytut Polityki Społecznej i Stosunków Międzynarodowych, _cZakład Europy Środkowej i Wschodniej. |
||
| 245 | 1 | 0 |
_aReformy rad narodowych w latach 1972-1975 : _bprzykład województwa koszalińskiego / _cCzesław Partacz, Agnieszka Lipska-Sondecka. |
| 648 | 0 |
_a1945-1989 _97070 |
|
| 650 | 0 | _aRady narodowe | |
| 651 | 0 |
_aKoszalin (woj. zachodniopomorskie ; okręg) _96827 |
|
| 700 |
_aLIPSKA-SONDECKA, Agnieszka. _d1998 - . _bPolitechnika Koszalińska - Instytut Polityki Społecznej i Stosunków Międzynarodowych, _cZakład Stosunków Międzynarodowych |
||
| 773 | 0 |
_iW: _tRocznik Koszaliński. - _g2005, nr 33, s. 55-58 _x0137-5652 |
|
| 942 |
_2UKD _cART |
||
| 999 |
_c10061 _d10061 |
||